Becoming a critical thinker / (Record no. 4370)
[ view plain ]
| 000 -LEADER | |
|---|---|
| fixed length control field | 00806cam a2200217 a 4500 |
| 020 ## - INTERNATIONAL STANDARD BOOK NUMBER | |
| ISBN | 0618527834 (pbk.) |
| 022 ## - INTERNATIONAL STANDARD SERIAL NUMBER | |
| ISSN | 9780618527830 |
| 050 00 - CALL NUMBER | |
| Classification number | BF455 |
| Item number | .R829 |
| 100 1# - AUTHOR | |
| Personal name | Ruggiero, Vincent Ryan. |
| 245 10 - TITLE | |
| Title | Becoming a critical thinker / |
| Statement of responsibility, etc | Vincent Ryan Ruggiero. |
| 250 ## - EDITION | |
| Edition statement | 5th ed. |
| 260 ## - PUBLICATION INFORMATION | |
| Place of publication | Boston : |
| Name of publisher | Houghton Mifflin, |
| Year of publication | c2006. |
| 300 ## - DESCRIPTION | |
| Number of Pages | xxi, 209 p. : |
| Other physical details | ill. ; |
| Dimensions | 23 cm. |
| 440 #0 - SERIES | |
| SERIES | Master student |
| 500 ## - NOTES | |
| General note | Includes index |
| 505 ## - FORMATTED CONTENTS NOTE | |
| Table of Content | Introduction: strategies for effective learning --<br/>Fundamentals of thinking --<br/>Persuasive communication --<br/>Becoming individual --<br/>Evaluating arguments --<br/>Recognizing errors in thinking --<br/>Applying your thinking skills |
| 650 #0 - SUBJECTS | |
| Topical Term | Thought and thinking |
| 650 #0 - SUBJECTS | |
| Topical Term | Critical thinking |
| 650 #0 - SUBJECTS | |
| Topical Term | Creative thinking |
| 942 ## - ADDED ENTRY ELEMENTS (KOHA) | |
| Koha item type | Books |
| Withdrawn status | Lost status | Collection code | Home library | Current library | Shelving location | Date acquired | Full call number | Accession Number | Koha item type |
|---|---|---|---|---|---|---|---|---|---|
| Reference | Methodist University Library Main | Methodist University Library Main | General Stacks | 10/10/2009 | BF455 .R829 | 30146 | Books | ||
| Methodist University Library Main | Methodist University Library Main | General Stacks | 10/10/2009 | BF455 .R829 | 30157 | Books | |||
| Methodist University Library Main | Methodist University Library Main | General Stacks | 10/10/2009 | BF455 .R829 | 30107 | Books | |||
| Reference | Methodist University Library Main | Methodist University Library Main | General Stacks | 10/10/2009 | BF455 .R829 | 30135 | Books |